[Event "Santo Domingo Duarte Memorial 5th"]
[Site "Santo Domingo"]
[Date "2016.01.08"]
[Round "1"]
[White "Mileto, Nazareno Pietro"]
[Black "De la Rosa Brito, Willy"]
[Result "0-1"]
[WhiteElo "1780"]
[BlackElo "2088"]
[PlyCount "38"]
[EventDate "2016.01.08"]
[EventType "swiss"]
[EventRounds "8"]
[EventCountry "DOM"]
[SourceTitle "CBM 170 Extra"]
[Source "ChessBase"]
[SourceDate "2016.02.25"]
[SourceVersion "1"]
[SourceVersionDate "2016.02.25"]
[SourceQuality "1"]

1. d4 Nf6 2. c4 g6 3. Nc3 Bg7 4. e4 d6 5. Nf3 0-0 6. Be2 e5 7. d5 a5 8. 0-0 Na6 9. Bg5 h6 10. Be3 Ng4 11. Qd2 Kh7 12. h3 Nxe3 13. Qxe3 f5 14. Kh2 Nc5 15. Nd2 f4 16. Qf3 h5 17. g4 fxg3+ 18. Qxg3 Bh6 19. Nf3 Bf4 0-1

[Event "Santo Domingo La Raza op"]
[Site "Santo Domingo"]
[Date "2015.10.20"]
[Round "7"]
[White "Salcie, Francisco"]
[Black "Mileto, Nazareno Pietro"]
[Result "1-0"]
[WhiteElo "2004"]
[BlackElo "1789"]
[PlyCount "61"]
[EventDate "2015.10.12"]
[EventType "swiss"]
[EventRounds "8"]
[EventCountry "DOM"]
[SourceTitle "CBM 169 Extra"]
[Source "ChessBase"]
[SourceDate "2015.12.18"]
[SourceVersion "1"]
[SourceVersionDate "2015.12.18"]
[SourceQuality "1"]

1. e4 e6 2. d4 d5 3. Nc3 dxe4 4. Nxe4 Nd7 5. Nf3 Ngf6 6. Ng3 c5 7. Be2 Be7 8. 0-0 0-0 9. b3 Qc7 10. c4 b6 11. Qc2 Bb7 12. Bb2 cxd4 13. Nxd4 Rad8 14. Rac1 Nc5 15. Nb5 Qb8 16. Rcd1 Nce4 17. Nxe4 Bxe4 18. Qc3 Qb7 19. Qg3 Bg6 20. Bf3 Qa6 21. a3 Bc2 22. Rxd8 Rxd8 23. b4 Qc8 24. Nxa7 Qxc4 25. Nc6 Bd6 26. Qg5 Bf4 27. Qh4 Bd3 28. Nxd8 Bxf1 29. g3 g5 30. Qh6 Be5 31. Qxg5+ 1-0

[Event "Santo Domingo La Raza op"]
[Site "Santo Domingo"]
[Date "2015.10.19"]
[Round "5"]
[White "Mileto, Nazareno Pietro"]
[Black "Arias Diaz, Ernesto Antonio"]
[Result "1/2-1/2"]
[WhiteElo "1789"]
[BlackElo "1908"]
[PlyCount "94"]
[EventDate "2015.10.12"]
[EventType "swiss"]
[EventRounds "8"]
[EventCountry "DOM"]
[SourceTitle "CBM 169 Extra"]
[Source "ChessBase"]
[SourceDate "2015.12.18"]
[SourceVersion "1"]
[SourceVersionDate "2015.12.18"]
[SourceQuality "1"]

1. d4 Nf6 2. c4 g6 3. Nc3 Bg7 4. e4 d6 5. Nf3 0-0 6. Be2 Bg4 7. h3 Bxf3 8. Bxf3 c6 9. 0-0 Nbd7 10. b4 e5 11. d5 cxd5 12. cxd5 a6 13. Bg5 Rc8 14. Qd3 Qb6 15. Rab1 Qd4 16. Qxd4 exd4 17. Ne2 d3 18. Nc1 Ne5 19. Rd1 Rc3 20. Bf4 Rfc8 21. Bxe5 dxe5 22. Nxd3 Nxe4 23. Bxe4 f5 24. Bf3 e4 25. Bxe4 fxe4 26. Nc5 e3 27. fxe3 Bh6 28. e4 Be3+ 29. Kh1 Rc2 30. d6 Bxc5 31. bxc5 R2xc5 32. Rxb7 Re5 33. d7 Rd8 34. Rb8 Rxb8 35. d8Q+ Rxd8 36. Rxd8+ Kf7 37. Rd4 Ra5 38. a4 Ke6 39. Kg1 Ke5 40. Rb4 Rc5 41. Kf2 Rc2+ 42. Kf3 Rc3+ 43. Kg4 h5+ 44. Kh4 Re3 45. g4 hxg4 46. Kxg4 Ra3 47. h4 Ra2 1/2-1/2

[Event "Santo Domingo La Raza op"]
[Site "Santo Domingo"]
[Date "2015.10.12"]
[Round "1"]
[White "Franco Rodriguez, Andres Avelino"]
[Black "Mileto, Nazareno Pietro"]
[Result "1-0"]
[WhiteElo "2089"]
[BlackElo "1789"]
[PlyCount "50"]
[EventDate "2015.10.12"]
[EventType "swiss"]
[EventRounds "8"]
[EventCountry "DOM"]
[SourceTitle "CBM 169 Extra"]
[Source "ChessBase"]
[SourceDate "2015.12.18"]
[SourceVersion "1"]
[SourceVersionDate "2015.12.18"]
[SourceQuality "1"]

1. d4 d5 2. c4 c6 3. Nf3 Nf6 4. Nc3 Nbd7 5. g3 dxc4 6. Bg2 Nb6 7. 0-0 Bf5 8. Ne5 Nbd5 9. Nxc4 Nxc3 10. bxc3 e6 11. Qb3 Qd7 12. Na5 Be4 13. Qxb7 Qxb7 14. Nxb7 Bxg2 15. Kxg2 Kd7 16. Rb1 Nd5 17. Bd2 Rb8 18. Rb3 Nb6 19. Na5 Bd6 20. Rfb1 Rhc8 21. Bf4 Bxf4 22. gxf4 c5 23. Nc4 cxd4 24. Nxb6+ Rxb6 25. Rxb6 axb6 1-0